BUGÜN HAYAL KURACAKTIM •J2 ¨98 (Record no. 1113484)

MARC details
000 -LEADER
sabit uzunluktaki kontrol alanı 00286nam a2200097Ia 4500
001 - KONTROL NUMARASI
kontrol alanı 1113484
005 - EN SON İŞLEMİN TARİH VE ZAMANI
kontrol alanı 20250827003950.0
008 - SABİT-UZUNLUKTA VERİ ÖĞELERİ--GENEL BİLGİ
sabit uzunluktaki kontrol alanı 250824s9999 xx 000 0 und d
245 #0 - ESER / YAZAR
ESER ADI BUGÜN HAYAL KURACAKTIM •J2 ¨98
Yazar Adı GÖKÇE ATEŞ AYTUĞ
260 ## - YAYIN, DAĞITIM, VB.
YAYIN EVİ GÜNIŞIĞI KİTAPLIĞI YAYINLARI
Holdings
Düşüm durumu Kayıp durumu Hasar Durumu Ödünç verilmez Ana kütüphane Geçerli Kütüphane Edinilen tarih Toplam ödünç verme sayısı Barkod Son görüntüleme tarihi Fiyatın geçerli olmaya başladığı tarih Koha materyal türü
        CUMHURİYET MAHALLESİ AHMET HAŞHAŞ ORTAOKULU CUMHURİYET MAHALLESİ AHMET HAŞHAŞ ORTAOKULU 24.08.2025   10833752 27.08.2025 27.08.2025 Books